000 00902nam a2200241 u 4500
005 20210223131427.0
008 101207s2009 es r 000 0 spa d
020 _a9789701070277
035 _aUPN01000178907
049 _aCG
050 4 _aTS155
_bCH3.2 2009
100 1 _aChase, Richard B.
_931393
245 1 0 _aAdministración de operaciones :
_bproducción y cadena de suministros /
_cRichard B. Chase, F. Robert Jacobs, Nicholas J. Aquilano ; tr. Pilar Mascaró Sacristán.
250 _a12a ed.
260 _aMéxico :
_bMcGraw-Hill,
_cc2009.
300 _a776 p. :
_bil. col. +
_e1 CD-ROM ; 4 3/4 plg.
500 _aEl CD-ROM solicítalo en el Mostrador de Préstamo
534 _pTraducción de:
_tOperations and supply management
650 4 _aPRODUCCION -
_xADMINISTRACION
_913583
700 1 _aJacobs, F. Robert,
_ecoaut.
700 1 _aAquilano, Nicholas J.,
_ecoaut.
905 _aLibro
999 _c151010
_d151010